| 000 | 01130cam a2200337 a 4500 | ||
|---|---|---|---|
| 001 | 4484389 | ||
| 003 | ARRUPE | ||
| 005 | 20141126020006.0 | ||
| 008 | 950203s1994 mnu b 000 0 eng d | ||
| 020 | _a0814655033 (pbk.) : | ||
| 035 | _a(OCoLC)31641120 | ||
| 035 | _a(OCoLC)ocm31641120 | ||
| 035 | _a(NNC)4484389 | ||
| 040 |
_aNNUT _cNNUT _dNNUT |
||
| 041 | 1 |
_aeng _hspa |
|
| 050 |
_aR724 _b.E38 1994 |
||
| 100 | 1 |
_aElizari Basterra, F. Javier _q(Francisco Javier) _92556 |
|
| 245 | 1 | 0 |
_aBioethics / _cFrancisco Javier Elizari Basterra ; edited by Roger Ruston ; translated by Michael Cunningham and Caroline M. White. |
| 260 |
_aCollegeville, Minn. : _bLiturgical Press, _cc1994. |
||
| 300 |
_a352 p. ; _c22 cm. |
||
| 490 | 1 |
_aTheology and life series ; _vv. 39 |
|
| 500 | _aTranslation of: Bioética. | ||
| 504 | _aIncludes bibliographical references. | ||
| 650 | 0 |
_aMedical ethics. _92557 |
|
| 650 | 2 |
_aEthics, Medical. _92558 |
|
| 650 | 2 |
_aPhilosophy, Medical. _92559 |
|
| 700 | 1 |
_aRuston, Roger. _92560 |
|
| 830 | 0 |
_aTheology and life series ; _vv. 39. _92561 |
|
| 942 |
_2lcc _cMONOGRAPH _010 |
||
| 999 |
_c118354 _d118354 |
||